Entry Término temático
001 - NÚMERO DE CONTROL
- campo de control: 14673
003 - IDENTIFICADOR DE NÚMERO DE CONTROL
- campo de control: SpMaBN
005 - FECHA Y HORA DE LA ÚLTIMA TRANSACCIÓN
- campo de control: 20250819053539.0
008 - ELEMENTOS DE DATO DE LONGITUD-FIJA
- campo de control de longitud fija: 191216dn anznnbabn |a anc
024 7# - IDENTIFICADOR DE OTROS ESTÁNDARES
- Número estándar o código: http://id.loc.gov/authorities/subjects/sh85077571
- Fuente: lcsh
040 ## - FUENTE DE CATALOGACIÓN
- Centro catalogador/agencia de origen: SpMaBN
- Centro/agencia transcriptor: SpMaBN
150 ## - ENCABEZAMIENTO--TÉRMINO DE MATERIA
- Término de materia o nombre geográfico como elemento de entrada: Literatura y ciencia
450 ## - TRAZADO DE VÉASE--TÉRMINO DE MATERIA
- Término de materia o nombre geográfico como elemento de entrada: Ciencia y literatura
670 ## - FUENTE DE DATOS ENCONTRADOS
- Cita de la fuente: La ciencia de la ciencia ficción
670 ## - FUENTE DE DATOS ENCONTRADOS
- Cita de la fuente: WWW LCSH, 16-12-2019
- Información encontrada: (Literatura and science)
